Statystyki dla Kadra Atalanty w LM 2019/2020

Kliknij tutaj aby rozwiązać quiz!

Ogólne statystyki

  • Ten quiz został rozwiązany 36 razy
  • Średni wynik to 12 z 20

Statystyki odpowiedzi

pozycja#krajpiłkarz% Poprawnych
P72SLOJosip Ilicic
94%
N10ARGAlejandro Gomez
91%
N9COLLuis Muriel
88%
N91COLDuvan Zapata
85%
P88CROMario Pasalic
76%
P18UKRRuslan Malinowski
73%
B95ITAPierluigi Gollini
70%
Trener-ITAGian Piero Gasperini
67%
O2BRARafael Toloi
67%
O33NEDHans Hateboer
64%
B57ITAMarco Sportiello
64%
P15NEDMarten De Roon
64%
O8GERRobin Gosens
64%
O6ARGJose Luis Palomino
55%
O21BELTimothy Castagne
55%
O19ALBBerat Djimsiti
45%
O5ITAAndrea Masiello
33%
O41BRARoger Ibanez
30%
O13BRAArana
12%
P11SUIRemo Fleuler
3%

Rozkład punktacji

Percentyl według liczby udzielonych odpowiedzi

Procent ludzi z każdym wynikiem

Twoja historia wyników

Nie rozwiązałeś tego quizu